Desarrollo de un sistema organizacional para empresas de recuperación de materiales reciclables
保存先:
| 第一著者: | |
|---|---|
| その他の著者: | |
| フォーマット: | 図書 |
| 出版事項: |
San José, C.R
1996
|
| 主題: | |
| タグ: |
タグ追加
タグなし, このレコードへの初めてのタグを付けませんか!
|
MARC
| LEADER | 00000nam a2200000Ia 4500 | ||
|---|---|---|---|
| 003 | 008077 | ||
| 005 | 20221231144233.0 | ||
| 008 | 140114s1996 cr a m 000 ||s d | ||
| 040 | |c cru CEDI | ||
| 090 | |a TFG 3607 | ||
| 100 | |a Arce S., Alfredo |9 9612 | ||
| 245 | |a Desarrollo de un sistema organizacional para empresas de recuperación de materiales reciclables | ||
| 260 | |c 1996 |a San José, C.R | ||
| 300 | |a xiv, [286] hojas : ilustraciones | ||
| 500 | |a Proyecto de graduación (licenciatura en ingeniería industrial)--Universidad de Costa Rica. Facultad de Ingeniería. Escuela de Ingeniería Industrial | ||
| 650 | |x ASOCIACION CENTRO EJECUTOR DE PROYECTOS ECONOMICOS Y DE SALUD (COSTA RICA).. PROGRAMA DE SANEAMIENTO AMBIENTAL EN COMUNIDAD - ADMINISTRACION |9 9615 | ||
| 700 | |9 9614 |a Hernández Ch., Alex Mauricio | ||
| 942 | |c TFG | ||
| 999 | |c 18889 |d 18889 | ||
